Statistics for Parts of a Gram-Negative Bacterial Cell with a Map

Click here to take the quiz!

General Stats

  • This quiz has been taken 90 times
  • The average score is 9 of 22

Answers on the Map

Answers color-coded by a green-red scale on the quiz's map according to % correct below.
 

Answer Stats

Parts% Correct
Flagellum
92%
Cytoplasmic membrane
83%
Ribosome
81%
Cell wall
71%
Cytosol
63%
Nucleoid
50%
Pili/Fimbriae
50%
Peptidoglycan
48%
Plasmid
46%
Vesicle
35%
Capsule
33%
Outer membrane
33%
Membrane protein
31%
Bacterial cytoskeleton
27%
Lipopolysaccharide
25%
Periplasm
21%
Porin
21%
S-layer
15%
Z ring
15%
Broun's lipoprotein
12%
MreB
12%
Inclusion body
10%

Score Distribution

Percentile by Number Answered

Percent of People with Each Score

Your Score History

You have not taken this quiz